Fine Arts - Painting | 1 | 2 | 0 | 0 | 35 | 66 | 94.33 | 0 | 0 |
Fine Arts - Music | 0 | 3 | 0 | 0 | 30 | 104 | 115.33 | 0 | 0 |
Literature - American | 0 | 2 | 0 | 0 | 20 | 91 | 100.00 | 0 | 0 |
RMP - Hinduism | 0 | 2 | 0 | 0 | 20 | 99 | 107.50 | 0 | 0 |
Fine Arts - Opera | 0 | 2 | 0 | 0 | 20 | 93 | 118.00 | 0 | 0 |
Literature - European | 0 | 2 | 0 | 0 | 20 | 81 | 105.00 | 0 | 0 |
RMP - World Mythology | 1 | 0 | 0 | 0 | 15 | 53 | 53.00 | 1 | 1 |
RMP - Other Religion | 0 | 1 | 0 | 0 | 10 | 89 | 89.00 | 0 | 0 |
RMP - Philosophy | 0 | 1 | 0 | 0 | 10 | 116 | 116.00 | 0 | 0 |
Social Science - Economics | 0 | 1 | 0 | 0 | 10 | 98 | 98.00 | 0 | 0 |
Fine Arts - Miscellaneous | 0 | 1 | 0 | 0 | 10 | 135 | 135.00 | 0 | 0 |
Literature - British | 0 | 1 | 0 | 0 | 10 | 147 | 147.00 | 0 | 0 |
Literature - World and Miscellaneous | 0 | 1 | 0 | 0 | 10 | 126 | 126.00 | 0 | 0 |
Other - Other Academic and General Knowledge | 0 | 1 | 0 | 0 | 10 | 95 | 95.00 | 0 | 0 |
RMP - East Asian Religion | 0 | 1 | 0 | 0 | 10 | 127 | 127.00 | 0 | 0 |
RMP - Islam | 0 | 1 | 0 | 0 | 10 | 121 | 121.00 | 0 | 0 |
Fine Arts - Architecture | 0 | 1 | 0 | 0 | 10 | 109 | 109.00 | 0 | 0 |
History - Cross, Historiography, and Miscellaneous | 0 | 0 | 0 | 0 | 0 | | 0.00 | 0 | 0 |